000 00510nam a2200181Ia 4500
008 100920s9999 xx 000 0 und d
082 _b69016
_a24 0
100 _aकलंदर.
245 _aकानोकानी.
260 _bरोहन प्रकाशन, मुंबई 64.
_c1996
300 _a175
_bसाधी
365 _b100
520 _aसायो.
630 _aकानोकानी.
650 _aसायो.
730 _aकानोकानी.
942 _cBOOK
999 _c711250
_d711247